The family members /

Bibliographic Details
Main Author: Yoseloff, Martin, 1919-
Format: Book
Language:English
Published: New York : E. P. Dutton, 1948.
Edition:1st. ed.

MARC

Tag First Indicator Second Indicator Subfields
LEADER 00000cam a2200000 4500
001 in00000031420
005 20151007061656.0
008 791226s1948 nyu 00001 eng
010 |a  48010065  
035 |a (OCoLC)05823156 
035 |9 AAD2736AM 
040 |a DLC  |c ZAM  |d TXA  |d UtOrBLW 
049 |a TXAM  |c [163106] 
050 0 0 |a PZ3.Y8235  |b Fam 
090 |a PS3547.O427  |b F25 1948 
092 |a 813  |b Y65f 
100 1 |a Yoseloff, Martin,  |d 1919- 
245 1 4 |a The family members /  |c by Martin Yoseloff. 
250 |a 1st. ed. 
264 1 |a New York :  |b E. P. Dutton,  |c 1948. 
300 |a 221 pages ;  |c 21 cm. 
336 |a text  |b txt  |2 rdacontent 
337 |a unmediated  |b n  |2 rdamedia 
338 |a volume  |b nc  |2 rdacarrier 
999 |a MARS 
999 f f |s 1eef263c-20b4-31c7-b935-04387a429ab5  |i 1c943a6c-dc10-3910-8a43-c0c0d543bf54  |t 0 
952 f f |p ric  |a Texas A&M University  |b Rellis Campus  |c Joint Library Facility  |d Remote Storage  |t 0  |e PS3547.O427 F25 1948  |h Library of Congress classification  |i unmediated -- volume  |m A14801256041 
998 f f |a PS3547.O427 F25 1948  |t 0  |l Remote Storage